| 000 | 01010nam a22002777a 4500 | ||
|---|---|---|---|
| 005 | 20241230110439.0 | ||
| 007 | cr |||aaa||||| | ||
| 008 | 241230s2014 xx|a|||go|||| 00| 0 spa d | ||
| 040 |
_aMX-MxUPN _bspa _cMX-MxUPN _eaacr2 |
||
| 041 | _aspa | ||
| 050 | 4 | _aLB1028.5 | |
| 100 | 1 |
_aCollazos, César _954992 |
|
| 100 | 1 |
_aMuñoz, Jaime _954993 |
|
| 100 | 1 |
_aHernández, Yosly _954994 |
|
| 245 | 1 | 0 |
_aAprendizaje colaborativo apoyado por computador _h[recurso electrónico en línea] |
| 250 | _aPrimera edición | ||
| 260 |
_a[Lugar no identificado] : _bIniciativa Latinoamericana de Libros de Texto Abiertos (LATIn), _c2014. |
||
| 300 |
_a1 recurso en línea (64 páginas) : _bilustraciones, PDF |
||
| 504 | _aIncluye referencias bibliográficas | ||
| 506 | 0 | _aAcceso abierto | |
| 650 | 4 |
_aTrabajo en grupos (Educación) _94098 |
|
| 650 | 4 |
_aEnseñanza asistida por computadora _94965 |
|
| 856 | 4 | 0 | _uhttps://hdl.handle.net/20.500.11785/585 |
| 902 | _bMaríaRobles/301224 | ||
| 942 |
_2lcc _cLIBRO-E |
||
| 999 |
_c212363 _d212363 |
||